000 00880nam a2200253Ia 4500
003 OSt
005 20220923224537.0
006 a|||||r|||| 00| 0
007 ta
008 220922b |||||||| |||| 00| 0 hin d
020 _c125
024 _a241,146
037 _b513, 08/03/2010, Vani Prakashan
_cTextual
040 _aARTS
_cARTS
_bhin
041 _2hin
_ahin
082 _a4, 152P4
100 _aमिश्र, कृष्ण बिहारी
245 0 _aपत्रकारिता इतिहास और प्रश्न
246 _aPatrakāritā itihās aur prashna
260 _aनयी दिल्ली
_b वाणी प्रकाशन
_c2004
300 _a152पृ.
_ccm.
942 _h4, 152P4
_cTEXL
_2CC
999 _c372097
_d372097